Phương pháp viết tiếng Anh - Hoàn thiện kỹ năng viết luận tiếng Anh A guide to writing
Tallennettuna:
| Päätekijä: | |
|---|---|
| Aineistotyyppi: | Kirja |
| Kieli: | Undetermined |
| Julkaistu: |
Đồng Nai
Nxb. Đồng Nai
1998
|
| Aiheet: | |
| Tagit: |
Lisää tagi
Ei tageja, Lisää ensimmäinen tagi!
|
| Thư viện lưu trữ: | Trung tâm Học liệu Trường Đại học Cần Thơ |
|---|
| LEADER | 00726nam a2200205Ia 4500 | ||
|---|---|---|---|
| 001 | CTU_27689 | ||
| 008 | 210402s9999 xx 000 0 und d | ||
| 020 | |b 25.000đ | ||
| 082 | |a 428 | ||
| 082 | |b Ph506 | ||
| 100 | |a Nguyễn Sanh Phúc | ||
| 245 | 0 | |a Phương pháp viết tiếng Anh - Hoàn thiện kỹ năng viết luận tiếng Anh | |
| 245 | 2 | |b A guide to writing | |
| 245 | 0 | |c Nguyễn Sanh Phúc | |
| 260 | |a Đồng Nai | ||
| 260 | |b Nxb. Đồng Nai | ||
| 260 | |c 1998 | ||
| 650 | |a english language - compositions and exercises,english language - study and teaching,english language - writing | ||
| 904 | |i Minh, 981231 | ||
| 980 | |a Trung tâm Học liệu Trường Đại học Cần Thơ | ||